Khinh - trọng

Nội dung sách giới thiệu về khái niệm, các định đề, cơ sở logic thuyết khinh trọng. Triển khai luận thuyết và mở rộng thuyết khinh trọng.

Đã lưu trong:
書目詳細資料
主要作者: Tô, Duy Hợp
格式: 圖書
語言:Undetermined
出版: Hà Nội Khoa học Xã hội 2019
主題:
標簽: 添加標簽
沒有標簽, 成為第一個標記此記錄!
Thư viện lưu trữ: Trung tâm Học liệu Trường Đại học Cần Thơ
LEADER 00744nam a2200193Ia 4500
001 CTU_233280
008 210402s9999 xx 000 0 und d
082 |a 126 
082 |b H466/Q.3 
100 |a Tô, Duy Hợp 
245 0 |a Khinh - trọng 
245 0 |c Tô Duy Hợp 
260 |a Hà Nội 
260 |b Khoa học Xã hội 
260 |c 2019 
520 |a Nội dung sách giới thiệu về khái niệm, các định đề, cơ sở logic thuyết khinh trọng. Triển khai luận thuyết và mở rộng thuyết khinh trọng. 
650 |a Tâm lý và triết học,Psychology and philosophy 
910 |b dqhieu 
980 |a Trung tâm Học liệu Trường Đại học Cần Thơ